Sports Quiz

Random Sports or Basketball Quiz

Sort the All Time Syracuse Nationals/Philadelphia 76ers Quiz Stats

 Plays Quiz not verified by Sporcle

Challenge
Share
Tweet
Score 0/25 Timer 07:00
1 Play Today
% Correct
Julius Erving
92.1%
Charles Barkley
91.6%
Maurice Cheeks
91.3%
Dolph Schayes
90.8%
1984-1992
89.7%
1949-1964
89.4%
7.3
85.9%
1958-1973
85.3%
3.0
84.8%
12.6
83.4%
1978-1989
83.2%
Hal Greer
82.3%
1976-1987
81%
% Correct
6.8
76.4%
5.1
75.5%
3.0
73.6%
4.1
70.1%
22.0
69.6%
11.7
66.3%
12.1*
62%
18.6
61.4%
3.8
61.1%
21.4
60.3%
3.9
57.9%
19.3
54.1%

You're not logged in!

Compare scores with friends on all Sporcle quizzes.
OR
Log In

You Might Also Like...

Show Comments

Extras

Top Quizzes Today


Score Distribution

Your Account Isn't Verified!

In order to create a playlist on Sporcle, you need to verify the email address you used during registration. Go to your Sporcle Settings to finish the process.

Report this User

Report this user for behavior that violates our Community Guidelines.

Details: